Sử dụng Flash 4.0

Nội dung hướng dẫn các thao tác khi sử dụng Flash và tự tạo những đoạn phim bắt mắt ở mức độ không quá phức tạp. Flash 4.0 là phần mềm hữu hiệu giúp biểu diễn một đoạn phim theo ý tưởng của mình một cách hiệu quả....

पूर्ण विवरण

में बचाया:
ग्रंथसूची विवरण
मुख्य लेखक: Vũ, Quốc Trọng
स्वरूप: पुस्तक
भाषा:Undetermined
प्रकाशित: Thành phố Hồ Chí Minh Trẻ 2002
विषय:
टैग : टैग जोड़ें
कोई टैग नहीं, इस रिकॉर्ड को टैग करने वाले पहले व्यक्ति बनें!
Thư viện lưu trữ: Trung tâm Học liệu Trường Đại học Cần Thơ
LEADER 00926nam a2200193Ia 4500
001 CTU_232144
008 210402s9999 xx 000 0 und d
082 |a 006.696 
082 |b Tr431/T.1 
100 |a Vũ, Quốc Trọng 
245 0 |a Sử dụng Flash 4.0 
245 0 |c Vũ Quốc Trọng, Bùi Huy Đăng 
260 |a Thành phố Hồ Chí Minh 
260 |b Trẻ 
260 |c 2002 
520 |a Nội dung hướng dẫn các thao tác khi sử dụng Flash và tự tạo những đoạn phim bắt mắt ở mức độ không quá phức tạp. Flash 4.0 là phần mềm hữu hiệu giúp biểu diễn một đoạn phim theo ý tưởng của mình một cách hiệu quả. 
650 |a Flash (phần mềm máy tính),Flash (Computer software) 
910 |b dqhieu 
980 |a Trung tâm Học liệu Trường Đại học Cần Thơ